000 01665ngm a2200373 4500
003 dpl
005 20081217115649.0
007 DVD
008 ||||||sp199 xxu|||||c ||| 00| 0 ng d
010 _aDVD-001545-1547
024 _aSHE-DVD-434
_c499.00
035 _aDVD-001545-1547
040 _aDPL
_cDPL
082 _aDVD / CLOS
245 _aClose & Personal With The Gurus of Bandish-Ustad Rashid Khan
_cArjoe Entertainment Presents
_h[videorecording] DVD/
260 _bShemaroo Home Entertainment
300 _a1 videodisc DVD; (165 min.)
_bsd., col. ;
_c4 3/4 in.
_fDVD
440 _aShemaroo Home Entertainment
500 _aFirst Time For Classical Music
538 _aDolby Digital 5.1 - Hindi Subtitles: English
538 _aNTSC Format-All Regions, 16x9 Anamorphic (2:23.1 Aspect Ratio), Dual Layer
650 _aMotion Picture
700 _aBattacherjee, Arya
700 _aMukherjee, Arindam
700 _aSamar Saha
700 _aNayak, Sudhir
700 _aBose, Soumya
700 _aKhapade, Prasad
942 _cCF
_2ddc
_hDVD
_mCLOS
999 _c20005
_d20005